000 00674nam a2200265Ia 4500
003 IT-RoPAU
005 20220918175827.0
008 120407s9999 xx 000 0 und d
040 _aIT-RoPAU
040 _cIT-RoPAU
041 _aita
100 _aLucia, Avetta
_935999
100 _ccur.
_916924
245 _aRoma - via Imperiale, scavi e scoperte (1937-1950) nella costruzione di via delle Terme di Caracalla e di via Cristoforo Colombo Roma
250 _aRoma
260 _aStoria e Letteratura
260 _c1985
300 _a300 p.
300 _bill tav
300 _c26 cm
490 _aTituli
490 _v3
942 _cBK
_2ddc
999 _c31917
_d31917